000 00520nam a2200181Ia 4500
003 SISC
005 20181022090943.0
008 181018s9999 xx 000 0 und d
020 _a9780618273430
050 _aQH 45.2
_b.B561 2005
245 _aThe best american science and nature writing 2005/
_cEditor: Jonathan Weiner
260 _aNY:
_bHoughton Mifflin Company
_c2005
300 _axxii, 304 pages :
_c20 cm.
650 _aNatural history
650 _aTechnical writing
942 _2lcc
_cBK
999 _c359241
_d359241